south american capital flags - Statistics

General Stats
  • This quiz has been taken 21 times
    17 since last reset
  • The average score is 10 of 12
Answer Stats
Picture Answer % Correct
Brasília
100%
Buenos Aires
100%
Lima
100%
Bogotá
90%
Caracas
90%
Montevideo
90%
Georgetown
80%
Quito
80%
Santiago
80%
Sucre
80%
Asunción
70%
Paramaribo
60%
No matching quizzes found
Score Distribution
Percent of People with Each Score
Percentile by Number Answered
Your Score History
You have not taken this quiz since the last reset